000 01003nam a2200313 i 4500
001 bg
003 BPK
005 20191024144425.0
008 980205s1997 pl a f f |000 0 pol
015 _aPB 1998/657
020 _a8321339476
040 _aWA N
_cBPK
080 _a69
080 _a744
080 _a514.18
080 _a(075.8)
100 1 _aPrzewłocki, Stefan
_d(1933- )
_eAutor
245 1 0 _aGeometria wykreślna w budownictwie /
_cStefan Przewłocki.
250 _aWyd. 2 zm. i uzup.
260 _aWarszawa :
_b"Arkady",
_c1997.
300 _a291, [1] s. :
_bfot., rys., wykr. ;
_c25 cm.
504 _aBibliogr. s. 291-[292].
650 4 _aBudownictwo
_xrysunek techniczny.
650 4 _aGeometria wykreślna
_xstosowanie
_xbudownictwo.
655 4 _aPodręczniki akademickie
710 2 _aWydawnictwo "Arkady".
_4pbl.
856 4 1 _uhttp://koha.tu.koszalin.pl/cgi-bin/koha/opac-detail.pl?biblionumber=35934
_yKatalog online BPK
942 _2UKD
_cKS
999 _c35934
_d35934